000
00316nam a2200145Ia 4500
100
_a
Bobrowski Steve
250
_a
2
942
_c
BK
654
_a
Computer
245
_a
Mastering Oracle 7 & Client/ Server Computing
260
_b
BPB
_a
New Delhi
_c
1996
300
_a
714
546
_a
ENGLISH
999
_c
25815
_d
25815